| 000 | 00695cab a2200217 4500 | ||
|---|---|---|---|
| 001 | ABS41024 | ||
| 008 | 090401t1989 xxu||||| |||| 00| 0 eng d | ||
| 035 | _a(Sirsi) u27619 | ||
| 041 | _aeng | ||
| 100 | _aHarrison, D. | ||
| 245 | _aAttractions and pitfalls abound if you buy abroad | ||
| 260 | _c1989 | ||
| 350 | _a0 | ||
| 490 |
_aFinancial Adviser _v(107) 8 June 1989, 23(1) |
||
| 520 | _aStresses the importance of seeking legal advice when buying residential property abroad. Reviews methods of financing a second home and practice in France , Italy , Spain and Portugal . | ||
| 650 | _aFINANCE | ||
| 650 | _aOVERSEAS | ||
| 690 | _aOVERSEAS | ||
| 942 | _n0 | ||
| 948 | _c04/03/1997 | ||
| 999 |
_c18596 _d18596 |
||